01183nam a2200277 a 4500001001000000003000900010005001700019007001000036008004100046020001800087040002200105100002800127245014400155260004600299300002700345500006600372700002200438700002500460942001200485945003600497952011000533952010500643952010400748956003800852999001500890000025372DO-SdBNP20171013135557.0000025372110215s2007 dr a 000 0 spa d a9789993456094 aBPMSUbspacBPMSU1 aCollins de Colado, Mary10a¡Guay, ay ay ay!:bLa vez que las mariposas se convirtieron en rosa /cMary Collins de Colado ; ilustración Ramiro Manzano, Nidia Serra. aSanto Domingo :bEditorial Búho,c2007. a51 p. :bil. ;c19 cm. aIncluye datos biográficos de la autora en la contracubierta1 aSerra, Nidiaeil.1 aManzano, Ramiroeil. 2ddccBK aInventariado infantil / 2017 VN 00102ddc40708CI-DaBPMETbBPMETd2015-02-04eDonado l0pBPMSU15041064r2015-02-04t w2015-02-04yBK 00102ddc40708DOMaBPMETbBPMETd2015-02-04l0pBPMET15041065r2015-02-04t1 ej. w2015-02-04yBK 00102ddc40708DOMaBPMETbBPMETd2015-02-04l0pBPMET15041066r2015-02-04t2 ej.w2015-02-04yBK aVMATEOb10c20110216lBPMSUh0069 c7339d7339